|
|
|
|
| LEADER |
00000nam a2200000 i 4500 |
| 001 |
DIGAUHUM0017 |
| 003 |
NyNyDIG |
| 007 |
cr ||||||||||| |
| 008 |
241210s2024 ck a o 000 j spa d |
| 006 |
m o d |
| 035 |
|
|
|a (OCoLC)1478203727
|
| 040 |
|
|
|a DGITA
|b eng
|e rda
|e pn
|c DGITA
|
| 020 |
|
|
|a 9786287700154
|q (versión digital)
|
| 020 |
|
|
|z 9786287700147
|q (versión impresa)
|
| 050 |
1 |
4 |
|a PQ8180.428.I25 ebook
|
| 100 |
1 |
|
|a Riascos Castro, José Iván,
|e author.
|
| 245 |
1 |
3 |
|a El espíritu de la identidad del sur /
|c José Iván Riascos Castro ; ilustraciones, Melissa Díaz Caicedo.
|
| 250 |
|
|
|a Primera edición.
|
| 264 |
|
1 |
|a Bogotá :
|b Editorial Aula de Humanidades,
|c 2024.
|
| 300 |
|
|
|a 1 online resource :
|b illustrations.
|
| 336 |
|
|
|a text
|b txt
|2 rdacontent
|
| 337 |
|
|
|a computer
|b c
|2 rdamedia
|
| 338 |
|
|
|a online resource
|b cr
|2 rdacarrier
|
| 347 |
|
|
|a text file
|2 rdaft
|
| 347 |
|
|
|b PDF
|
| 490 |
1 |
|
|a Colección: Literatura. Serie: Cuentos
|
| 588 |
0 |
|
|a Online resource; title from PDF title page (Digitalia, viewed December 10, 2024)
|
| 655 |
|
7 |
|a Short stories.
|2 lcgft
|
| 700 |
1 |
|
|a Díaz Caicedo, Melissa,
|e illustrator.
|
| 791 |
2 |
|
|a Digitalia (Firm),
|e distributor.
|
| 793 |
0 |
|
|g Digitalia eBook Collection:
|a Editorial Aula de Humanidades
|
| 776 |
0 |
8 |
|i Print version:
|a Riascos Castro, José Iván.
|t Espíritu de la identidad del sur.
|b Primera edición.
|d Bogotá : Editorial Aula de Humanidades, [2024]
|z 9786287700147
|
| 830 |
|
0 |
|a Colección Literatura (Editorial Aula de Humanidades).
|p Serie Cuentos.
|
| 856 |
4 |
0 |
|3 Digitalia Hispánica
|u https://www.digitaliapublishing.com/a/159393/
|
| 910 |
|
|
|a Premium collection: 2024
|